[Event "34th Chess Olympiad (men)"]
[Site "Istanbul"]
[Date "2000.11.06"]
[Round "9.12.3"]
[White "Peng, Xiaomin"]
[Black "Kacheishvili, Giorgi"]
[WhiteElo "2657"]
[BlackElo "2564"]
[WhiteCountry "CHN"]
[BlackCountry "GEO"]
[Result "1-0"]

1. e4 e6 2. d4 d5 3. e5 c5 4. c3 Nc6 5. Nf3 Bd7 6. Be2 Nge7 7. Na3 cxd4 
8. cxd4 Nf5 9. Nc2 Nb4 10. Ne3 Nxe3 11. fxe3 Be7 12. O-O O-O 13. Bd2 a5 
14. a3 Nc6 15. Bd3 Qb6 16. Bc3 f5 17. exf6 Bxf6 18. Qc2 h6 19. Rf2 Ne7 
20. g4 Qd6 21. Raf1 Nc6 22. Qe2 Qe7 23. Bg6 b5 24. h4 b4 25. axb4 axb4 
26. Be1 e5 27. g5 Bh3 28. gxf6 Rxf6 29. Nxe5 Bxf1 30. Qxf1 Raf8 31. Bc2 Nxe5 
32. dxe5 Qxe5 33. Rxf6 Rxf6 34. Qd3 Qe6 35. Bb3 Rf5 36. e4 Qg6+ 37. Qg3 Qxg3+ 
38. Bxg3 Rf3 39. Bxd5+ Kh7 40. Kg2 Rd3 41. b3 Kg6 42. Bc4 Rc3 43. Be1 Rc1 
44. Bxb4 Kh5 45. e5 
1-0

[Event "34th Chess Olympiad (men)"]
[Site "Istanbul"]
[Date "2000.11.06"]
[Round "9.12.4"]
[White "Jobava, Baadur"]
[Black "Liang, Chong"]
[WhiteElo "2480"]
[BlackElo "2573"]
[WhiteCountry "GEO"]
[BlackCountry "CHN"]
[Result "1-0"]

1. d4 Nf6 2. c4 e6 3. Nf3 Bb4+ 4. Bd2 Qe7 5. g3 Nc6 6. Bg2 Bxd2+ 7. Nbxd2 d6 
8. O-O a5 9. e4 e5 10. d5 Nb8 11. Ne1 h5 12. Nc2 Na6 13. Ne3 Nc5 14. b3 Ng4 
15. Qe2 Qg5 16. f4 Qh6 17. Rae1 Nxe3 18. Qxe3 h4 19. fxe5 Qxe3+ 20. Rxe3 dxe5 
21. a3 f6 22. b4 axb4 23. axb4 Ra2 24. bxc5 Rxd2 25. Ra1 Ke7 26. Ra7 Rb2 
27. Re1 hxg3 28. hxg3 Bh3 29. Bh1 Bg4 30. Bg2 Bh3 31. Bh1 Bg4 32. Bg2 Rb8 
33. Rc1 Kd8 34. Rca1 Rc2 35. Ra8 Rxa8 36. Rxa8+ Ke7 37. Bf1 Rc1 38. Kf2 Rc2+ 
39. Ke3 Rc3+ 40. Bd3 Rb3 41. Kd2 Bd7 42. Ra7 Kd8 43. Kc2 Rb4 44. Kc3 Ra4 
45. Rxb7 Ra3+ 46. Kd2 Ra2+ 47. Ke3 Kc8 48. c6 Be8 49. c5 Ra5 50. d6 
1-0

[Event "34th Chess Olympiad (men)"]
[Site "Istanbul"]
[Date "2000.11.06"]
[Round "9.13.2"]
[White "Vescovi, Giovanni"]
[Black "Sanduleac, Vasile"]
[WhiteElo "2526"]
[BlackElo "2438"]
[WhiteCountry "BRA"]
[BlackCountry "MDA"]
[Result "1/2-1/2"]

1. e4 g6 2. d4 Bg7 3. Nf3 d6 4. Nc3 Nf6 5. Be2 O-O 6. O-O Bg4 7. Bg5 Nc6 
8. h3 Bxf3 9. Bxf3 Nd7 10. Ne2 h6 11. Be3 e5 12. c3 Nb6 13. Qb3 Na5 
14. Qc2 Nac4 15. Bc1 exd4 16. Nxd4 Re8 17. g3 c6 18. b3 Ne5 19. Bg2 Ned7 
20. a4 a5 21. f4 Nc5 22. Re1 Nbd7 23. Be3 h5 24. Rad1 Qc7 25. Bf2 Rad8 
26. b4 Ne6 27. Nf3 Nef8 28. Qb3 axb4 29. cxb4 Nf6 30. e5 Nd5 31. exd6 
1/2-1/2

[Event "34th Chess Olympiad (men)"]
[Site "Istanbul"]
[Date "2000.11.06"]
[Round "9.13.3"]
[White "Komliakov, Viktor"]
[Black "Limp, Eduardo"]
[WhiteElo "2453"]
[BlackElo "2480"]
[WhiteCountry "MDA"]
[BlackCountry "BRA"]
[Result "0-1"]

1. e4 b6 2. d4 Bb7 3. Bd3 e6 4. Nf3 c5 5. O-O cxd4 6. Nxd4 Nc6 7. Nxc6 Bxc6 
8. Qe2 Ne7 9. c4 Ng6 10. f4 Bc5+ 11. Kh1 O-O 12. Nd2 f5 13. Nb3 Qh4 
14. Nxc5 bxc5 15. Kg1 e5 16. exf5 Nxf4 17. Bxf4 exf4 18. Qf2 Qg5 19. Qd2 Rae8 
20. g3 Re3 21. Rxf4 Rxg3+ 22. hxg3 Qxg3+ 23. Kf1 Re8 24. Re4 Qf3+ 
0-1

[Event "34th Chess Olympiad (men)"]
[Site "Istanbul"]
[Date "2000.11.06"]
[Round "9.13.4"]
[White "Braga, Cicero"]
[Black "Khruschiov, Alexey"]
[WhiteElo "2426"]
[BlackElo "2381"]
[WhiteCountry "BRA"]
[BlackCountry "MDA"]
[Result "1-0"]

1. c4 g6 2. g3 Bg7 3. Bg2 Nf6 4. Nc3 O-O 5. e4 d6 6. Nge2 e5 7. O-O Nc6 
8. d3 Nd7 9. f4 f5 10. exf5 Rxf5 11. Be3 Nc5 12. d4 exd4 13. Nxd4 Nxd4 
14. Bxd4 Bxd4+ 15. Qxd4 c6 16. Rfe1 Rf8 17. Rad1 Qb6 18. Nd5 cxd5 19. Bxd5+ Ne6 
20. Bxe6+ Bxe6 21. Rxe6 Rfc8 22. Rxd6 Rxc4 23. Qxb6 axb6 24. Rxb6 Rc7 
25. a3 Re8 26. Rd2 Re1+ 27. Kf2 Rb1 28. Rd8+ Kf7 29. Rb8 Rc2+ 30. Kf3 Rf1+ 
31. Kg4 h5+ 32. Kg5 Rc5+ 33. Kh6 h4 34. R8xb7+ Kf8 35. Rf6+ Ke8 36. Rxg6 
1-0

[Event "34th Chess Olympiad (men)"]
[Site "Istanbul"]
[Date "2000.11.06"]
[Round "9.14.2"]
[White "Sermek, Drazen"]
[Black "Harikrishna, P"]
[WhiteElo "2514"]
[BlackElo "2500"]
[WhiteCountry "SLO"]
[BlackCountry "IND"]
[Result "1/2-1/2"]

1. e4 e6 2. d4 d5 3. Nd2 c5 4. exd5 Qxd5 5. Ngf3 cxd4 6. Bc4 Qd6 7. O-O Nf6 
8. Nb3 Nc6 9. Nbxd4 Nxd4 10. Nxd4 a6 11. Bb3 Qc7 12. Qf3 Bd6 13. h3 Bd7 
14. Re1 O-O-O 15. Bg5 Qc5 16. Be3 Qe5 17. g3 Qe4 18. Rad1 Bc6 19. Qxe4 Bxe4 
20. f3 Bg6 21. Ne2 h6 22. Kf2 Bh7 23. a3 Be5 24. c3 Rxd1 25. Rxd1 Rd8 
26. Rxd8+ Kxd8 27. g4 h5 28. Nf4 hxg4 29. hxg4 Nd7 30. Nh5 Bg6 31. Ke2 
1/2-1/2

[Event "34th Chess Olympiad (men)"]
[Site "Istanbul"]
[Date "2000.11.06"]
[Round "9.14.4"]
[White "Grosar, Aljosa"]
[Black "Prasad, Devaki V"]
[WhiteElo "2447"]
[BlackElo "2431"]
[WhiteCountry "SLO"]
[BlackCountry "IND"]
[Result "1/2-1/2"]

1. e4 c5 2. Nf3 d6 3. c3 Nf6 4. Be2 Bd7 5. d3 Bc6 6. O-O Nbd7 7. Nbd2 e6 
8. Re1 Be7 9. Bf1 Ne5 10. b4 Nxf3+ 11. Nxf3 O-O 12. bxc5 dxc5 13. Ne5 Be8 
14. Rb1 b5 15. d4 a6 16. Bg5 Qc7 17. Qf3 Rd8 18. Rbd1 Nd7 19. Nxd7 Rxd7 
20. Bf4 Qd8 21. d5 exd5 22. exd5 Bd6 23. c4 Qc7 24. Re4 Bxf4 25. Rxf4 Rd6 
26. Re1 bxc4 27. Bxc4 Bb5 28. Rc1 h6 29. g3 Rfd8 30. Bb3 c4 31. a4 Qb7 
32. Bc2 Be8 33. Rxc4 Qxd5 34. Be4 Qa5 35. Kg2 Bd7 36. Qa3 Bf5 37. Bxf5 Qxf5 
38. R1c2 Rd3 39. Qe7 Qf3+ 40. Kh3 R3d5 41. Rf4 Rh5+ 42. Rh4 Rxh4+ 43. Qxh4 Rd5 
44. Rc8+ Kh7 45. Rc3 Qh1 46. Rc1 Qf3 47. Rc3 Qxf2 48. Qe4+ Qf5+ 49. Qxf5+ Rxf5 
50. Rc6 Ra5 51. Rc4 g5 52. g4 h5 53. gxh5 Kh6 54. Rc6+ Kxh5 55. Rf6 Rxa4 
56. Rxf7 Ra3+ 57. Kg2 a5 58. h3 a4 59. Ra7 Ra1 60. Ra6 a3 61. Kg3 Ra2 
62. Kf3 Rh2 63. Kg3 Ra2 64. Kf3 Ra1 65. Kg3 a2 66. Kg2 Rb1 
1/2-1/2

[Event "34th Chess Olympiad (men)"]
[Site "Istanbul"]
[Date "2000.11.06"]
[Round "9.15.1"]
[White "Miezis, Normunds"]
[Black "Papaioannou, Ioannis"]
[WhiteElo "2518"]
[BlackElo "2578"]
[WhiteCountry "LAT"]
[BlackCountry "GRE"]
[Result "0-1"]

1. c4 Nf6 2. Nc3 e6 3. e4 d5 4. exd5 exd5 5. d4 Be7 6. Nf3 O-O 7. Be2 dxc4 
8. Bxc4 Bg4 9. Be3 Nbd7 10. h3 Bh5 11. O-O c6 12. Bb3 Qa5 13. Re1 Bb4 
14. Rc1 Rae8 15. a3 Bxc3 16. Rxc3 Nd5 17. Rc1 Qb5 18. g4 Bg6 19. a4 Qb4 
20. Bxd5 cxd5 21. Rc7 Nb8 22. Qd2 Qb6 23. Rc5 Be4 24. Ng5 Qb3 25. Rb5 Qxa4 
26. Rxb7 Nc6 27. Rc1 Nd8 28. Rbc7 Bg6 29. f4 f6 30. Nf3 Be4 31. Nh4 Ne6 
32. R7c6 g5 33. Ng2 gxf4 34. Nxf4 Ng5 35. Kf2 f5 36. Qe2 Qb4 37. Rg1 Kh8 
38. Rg3 fxg4 39. hxg4 Ne6 40. Rxe6 Rxe6 41. Rh3 Rb6 42. Kg3 Qxb2 43. Qf1 Kg8 
44. Rh5 Qa3 45. Qf2 Rb3 46. Rg5+ Kh8 47. Kh4 Rxe3 48. Qh2 Rxf4 
0-1

[Event "34th Chess Olympiad (men)"]
[Site "Istanbul"]
[Date "2000.11.06"]
[Round "9.15.2"]
[White "Banikas, Hristos"]
[Black "Krakops, Maris"]
[WhiteElo "2542"]
[BlackElo "2522"]
[WhiteCountry "GRE"]
[BlackCountry "LAT"]
[Result "1/2-1/2"]

1. d4 e6 2. Nf3 f5 3. g3 Nf6 4. Bg2 b6 5. O-O Bb7 6. c4 a5 7. d5 Na6 8. Nd4 Bc5 
9. Nc3 O-O 10. e3 Qc8 11. b3 c6 12. e4 fxe4 13. dxc6 Bxc6 14. Nxc6 Qxc6 
15. Bg5 d5 16. Bxf6 Rxf6 17. cxd5 Bxf2+ 18. Rxf2 Qxc3 19. Rxf6 Qxf6 
20. Bxe4 Nc5 21. Bg2 Rd8 22. Rc1 Qg5 23. Rc3 exd5 24. Qd4 h6 25. h4 Qf5 
26. Rf3 Qd7 27. Re3 Kh8 28. Re5 Qc7 29. Kh2 Ne4 30. Bxe4 dxe4 31. Qxe4 Rd2+ 
32. Kh3 Qc8+ 33. Qf5 Qa8 34. Qe4 Qc8+ 35. Qf5 Qa8 36. Qe4 Qxe4 37. Rxe4 Rxa2 
38. Re8+ Kh7 39. Rb8 Rb2 
1/2-1/2

[Event "34th Chess Olympiad (men)"]
[Site "Istanbul"]
[Date "2000.11.06"]
[Round "9.15.3"]
[White "Klovans, Janis"]
[Black "Nikolaidis, Ioannis"]
[WhiteElo "2481"]
[BlackElo "2515"]
[WhiteCountry "LAT"]
[BlackCountry "GRE"]
[Result "0-1"]

1. e4 c5 2. Nf3 d6 3. d4 Nf6 4. Nc3 cxd4 5. Nxd4 a6 6. Be3 e5 7. Nb3 Be6 
8. f3 h5 9. Qd2 Nbd7 10. O-O-O Rc8 11. Kb1 Be7 12. Nd5 Bxd5 13. exd5 Nb6 
14. Qa5 Nc4 15. Bxc4 Rxc4 16. Qxd8+ Bxd8 17. Nd2 Rc8 18. c4 b5 19. Rc1 Kd7 
20. Rhd1 Re8 21. Bg5 Ba5 22. Bxf6 Bxd2 23. Rxd2 gxf6 24. Rdc2 f5 25. cxb5 Rxc2 
26. Kxc2 axb5 27. Kd3 Ra8 28. a3 Ra4 29. Ke2 f4 30. Rc3 Rd4 31. Rd3 Rc4 
32. Kd2 f5 33. g3 e4 34. Rb3 e3+ 35. Kd1 fxg3 36. hxg3 f4 37. gxf4 h4 
38. Rxb5 h3 39. Rb7+ Rc7 40. Rb8 Rc8 41. Rb7+ Rc7 42. Rb8 e2+ 43. Kxe2 h2 
44. Rh8 Rc1 
0-1

[Event "34th Chess Olympiad (men)"]
[Site "Istanbul"]
[Date "2000.11.06"]
[Round "9.15.4"]
[White "Halkias, Stelios"]
[Black "Meijers, Viesturs"]
[WhiteElo "2502"]
[BlackElo "2478"]
[WhiteCountry "GRE"]
[BlackCountry "LAT"]
[Result "1-0"]

1. d4 d5 2. c4 e6 3. Nf3 Nf6 4. Nc3 Be7 5. Bg5 O-O 6. e3 Nbd7 7. Bd3 b6 
8. cxd5 exd5 9. O-O Bb7 10. Rc1 a6 11. Bf5 g6 12. Bh3 Re8 13. Qb3 Kg7 
14. Rfd1 h6 15. Bf4 c5 16. dxc5 Nxc5 17. Qc2 Bd6 18. b4 Nce4 19. Nxe4 Nxe4 
20. Bxd6 Qxd6 21. Qc7 Re7 22. Qxd6 Nxd6 23. Nd4 Nc4 24. g3 Rc7 25. Bg2 Rac8 
26. Nb3 Nb2 27. Rxc7 Rxc7 28. Rd2 Nc4 29. Rc2 Rc8 30. Nd4 Kf6 31. Kf1 Ke5 
32. Ke2 Kd6 33. g4 Re8 34. Rxc4 dxc4 35. Bxb7 a5 36. a3 axb4 37. axb4 f6 
38. Kd2 Rh8 39. Bf3 Rb8 40. Kc3 b5 41. Bc6 Rh8 42. Bxb5 Ra8 43. Bxc4 Ra1 
44. Bd3 h5 45. gxh5 gxh5 46. f4 Rh1 47. h4 Rh3 48. Nf5+ Kd5 49. e4+ Kc6 
50. Kc4 Kb6 51. e5 fxe5 52. fxe5 Rf3 53. e6 Rf4+ 54. Kd5 Kc7 55. e7 
1-0

[Event "34th Chess Olympiad (men)"]
[Site "Istanbul"]
[Date "2000.11.06"]
[Round "9.16.1"]
[White "Hatanbaatar, Bazar"]
[Black "Torre, Eugenio"]
[WhiteElo "2507"]
[BlackElo "2552"]
[WhiteCountry "MGL"]
[BlackCountry "PHI"]
[Result "0-1"]

1. e4 e5 2. Nf3 Nc6 3. Bb5 a6 4. Ba4 Nf6 5. O-O Nxe4 6. d4 b5 7. Bb3 d5 
8. dxe5 Be6 9. Nbd2 Nc5 10. c3 Bg4 11. Bc2 Be7 12. Re1 Qd7 13. h3 Bh5 
14. Nf1 Rd8 15. Ng3 Bg6 16. Qe2 O-O 17. Be3 Rfe8 18. Rad1 Bxc2 19. Qxc2 Ne6 
20. Nf5 Na5 21. N3d4 Bf8 22. Nxe6 fxe6 23. Ng3 Qf7 24. Rd4 c5 25. Rf4 Qc7 
26. Rh4 g6 27. Bg5 Be7 28. Rg4 Nc6 29. Bf4 Kh8 30. h4 Rg8 31. Qe2 Rdf8 
32. Bh6 Rf7 33. a4 c4 34. axb5 axb5 35. Qe3 Qa7 36. Qd2 Bc5 37. Rf4 Bf8 
38. Bg5 Bg7 39. Bf6 Rgf8 40. Bxg7+ Kxg7 41. Ne2 Rf5 42. h5 Qf7 43. h6+ Kg8 
44. Rxf5 Qxf5 45. Nd4 Nxd4 46. Qxd4 g5 47. Qb6 Qg6 48. Qxb5 Qxh6 49. b3 cxb3 
50. Qxb3 Qg6 51. Qb6 Qf5 52. Qd4 h5 53. Ra1 h4 54. Qe3 Qf4 55. Qe2 Rf5 
56. Ra8+ Kg7 57. Ra7+ Rf7 58. Ra1 g4 59. Rd1 g3 60. f3 Ra7 61. Re1 Ra3 
62. Qb2 Qa4 63. Qc1 Kg6 64. Qb1+ Kg5 65. Qc1+ Kh5 66. Qb1 Qa7+ 67. Kh1 h3 
68. Rg1 hxg2+ 
0-1

[Event "34th Chess Olympiad (men)"]
[Site "Istanbul"]
[Date "2000.11.06"]
[Round "9.16.3"]
[White "Ganbold, Odondoo"]
[Black "Villamayor, Bong"]
[WhiteElo "2405"]
[BlackElo "2495"]
[WhiteCountry "MGL"]
[BlackCountry "PHI"]
[Result "1-0"]

1. e4 e6 2. Nf3 d5 3. e5 c5 4. b4 cxb4 5. a3 Nc6 6. axb4 Bxb4 7. c3 Be7 
8. d4 f6 9. Bd3 Qc7 10. Bf4 f5 11. g4 fxg4 12. Ng5 Bxg5 13. Bxg5 Qf7 
14. Qxg4 Nge7 15. Rg1 Nf5 16. Na3 O-O 17. Nb5 Kh8 18. Qh3 h6 19. Bf6 
1-0

[Event "34th Chess Olympiad (men)"]
[Site "Istanbul"]
[Date "2000.11.06"]
[Round "9.16.4"]
[White "Datu, Idelfonso"]
[Black "Erhembayar, Duurenbayar"]
[WhiteElo "2345"]
[BlackElo "2301"]
[WhiteCountry "PHI"]
[BlackCountry "MGL"]
[Result "1-0"]

1. c4 Nf6 2. Nc3 c5 3. g3 g6 4. Bg2 Bg7 5. Nf3 Nc6 6. d4 cxd4 7. Nxd4 O-O 
8. O-O Nxd4 9. Qxd4 d6 10. Qd2 Rb8 11. b3 Bd7 12. Bb2 Qa5 13. Rfd1 Rfe8 
14. Rac1 Bc6 15. e4 a6 16. a3 Qh5 17. Nd5 Ng4 18. h3 Ne5 19. g4 Qh6 20. f4 Nd7 
21. Bxg7 Qxg7 22. b4 Nf6 23. Nc3 Rec8 24. Qe3 Be8 25. e5 dxe5 26. fxe5 Nd7 
27. Nd5 Kf8 28. e6 Ne5 29. exf7 Bxf7 30. Rf1 Nxc4 31. Qxe7+ Kg8 32. Nf6+ Kh8 
33. Nd7 Qd4+ 34. Kh2 Bg8 35. Nxb8 Rxb8 36. Rcd1 Qb2 37. Rd8 Rxd8 38. Qxd8 Qe5+ 
39. Kh1 b5 40. g5 
1-0

[Event "34th Chess Olympiad (men)"]
[Site "Istanbul"]
[Date "2000.11.06"]
[Round "9.17.1"]
[White "Kotsur, Pavel"]
[Black "Kozul, Zdenko"]
[WhiteElo "2589"]
[BlackElo "2611"]
[WhiteCountry "KAZ"]
[BlackCountry "CRO"]
[Result "1/2-1/2"]

1. e4 c5 2. Nc3 Nc6 3. Bb5 Nd4 4. Bc4 e6 5. Nf3 Ne7 6. Nxd4 cxd4 7. Ne2 Nc6 
8. d3 Bc5 9. Bb3 O-O 10. O-O b5 11. f4 Na5 12. f5 Nxb3 13. axb3 f6 14. Nf4 e5 
15. Nd5 Bb7 16. Kh1 Bxd5 17. exd5 Qe7 18. Qe2 a5 19. g4 Bb4 20. Qg2 Rac8 
21. g5 Rc5 22. Rg1 fxg5 23. Bxg5 Qd6 24. c3 dxc3 25. Be3 Rf7 26. Bxc5 Bxc5 
27. Rgf1 cxb2 28. Rxa5 Bd4 29. Ra8+ Rf8 30. f6 g6 31. f7+ Kg7 32. Rxf8 Kxf8 
33. h3 Be3 34. Qxb2 Bf4 35. Qg2 Qb4 36. d6 Qxd6 37. Qe4 Kxf7 38. d4 Qe6 
39. Rf3 Kg7 40. dxe5 Bxe5 41. Qb4 g5 42. Qxb5 h5 43. Rd3 d6 44. Qb7+ Kh6 
45. Qe4 Qc8 46. Qc4 Qf5 47. Kg2 g4 48. b4 d5 49. Qxd5 gxh3+ 
1/2-1/2

[Event "34th Chess Olympiad (men)"]
[Site "Istanbul"]
[Date "2000.11.06"]
[Round "9.17.2"]
[White "Cvitan, Ognjen"]
[Black "Vladimirov, Evgeny"]
[WhiteElo "2541"]
[BlackElo "2598"]
[WhiteCountry "CRO"]
[BlackCountry "KAZ"]
[Result "0-1"]

1. d4 g6 2. c4 Bg7 3. Nf3 d6 4. Nc3 Nd7 5. g3 e5 6. Bg2 Ne7 7. O-O O-O 
8. b3 exd4 9. Nb5 d3 10. Bg5 a6 11. Na3 h6 12. Bd2 Bb2 13. exd3 Bxa3 
14. Bxh6 Re8 15. d4 c5 16. Bg5 Nf8 17. dxc5 Bxc5 18. Bf6 Nh7 19. Bb2 Nc6 
20. Qd2 Ne5 21. Nxe5 dxe5 22. Qxd8 Rxd8 23. Bxe5 Re8 24. Rfe1 Bb4 25. Bc3 Rxe1+ 
26. Bxe1 a5 27. Bxb4 axb4 28. Rd1 Bf5 29. Rd2 Bb1 30. Bxb7 Rxa2 31. Rd4 Ng5 
32. c5 Rc2 33. Rxb4 Rxc5 34. h4 Ne6 35. Bf3 Kg7 36. Kg2 Bd3 37. Rb8 Nd4 
38. b4 Re5 39. Ba8 Bb5 40. Rc8 Re2 41. Bd5 Nc2 42. Rc5 Bd3 43. Bb7 Ne3+ 
0-1

[Event "34th Chess Olympiad (men)"]
[Site "Istanbul"]
[Date "2000.11.06"]
[Round "9.17.3"]
[White "Sadvakasov, Darmen"]
[Black "Zaja, Ivan"]
[WhiteElo "2509"]
[BlackElo "2513"]
[WhiteCountry "KAZ"]
[BlackCountry "CRO"]
[Result "1-0"]

1. e4 e6 2. d4 d5 3. Nc3 Bb4 4. e5 Ne7 5. a3 Bxc3+ 6. bxc3 b6 7. Qg4 Ng6 
8. h4 h5 9. Qd1 Ba6 10. Bxa6 Nxa6 11. Bg5 Qd7 12. Ne2 Qc6 13. O-O Nf8 
14. Qd3 Nb8 15. Qf3 Nbd7 16. a4 a5 17. Rfe1 Qc4 18. Ng3 g6 19. Nf1 Nh7 
20. Bd2 Qa6 21. Ne3 Nhf8 22. c4 dxc4 23. Nxc4 O-O-O 24. Na3 Nb8 25. Nb5 Rd7 
26. c4 Qb7 27. Qb3 Nh7 28. Rac1 Nc6 29. d5 Nd8 30. Be3 Kb8 31. Qc3 Re8 
32. c5 exd5 33. cxb6 
1-0

[Event "34th Chess Olympiad (men)"]
[Site "Istanbul"]
[Date "2000.11.06"]
[Round "9.18.2"]
[White "Hracek, Zbynek"]
[Black "Sakalauskas, Vaidas"]
[WhiteElo "2612"]
[BlackElo "2420"]
[WhiteCountry "CZE"]
[BlackCountry "LTU"]
[Result "1/2-1/2"]

1. e4 e6 2. d4 d5 3. Nc3 Nf6 4. Bg5 dxe4 5. Nxe4 Be7 6. Bxf6 Bxf6 7. Nf3 Nd7 
8. Qd2 O-O 9. O-O-O Be7 10. h4 b6 11. Bc4 Bb7 12. Rhe1 Nf6 13. Nxf6+ Bxf6 
14. Qf4 Bd5 15. Bd3 Qd6 16. Ne5 Rfd8 17. a3 c5 18. dxc5 Qxc5 19. Kb1 Rac8 
20. g4 Qc7 21. g5 Bxe5 22. Qxe5 Qxe5 23. Rxe5 Bc4 24. Re3 Kf8 25. b3 
1/2-1/2

[Event "34th Chess Olympiad (men)"]
[Site "Istanbul"]
[Date "2000.11.06"]
[Round "9.19.2"]
[White "Spraggett, Kevin"]
[Black "Ivanisevic, Ivan"]
[WhiteElo "2501"]
[BlackElo "2530"]
[WhiteCountry "CAN"]
[BlackCountry "YUG"]
[Result "1-0"]

1. c4 c5 2. g3 g6 3. Bg2 Bg7 4. Nc3 Nc6 5. e3 e6 6. Nge2 Nge7 7. Nf4 Ne5 
8. d3 Nf5 9. Qc2 h5 10. h3 Rb8 11. b3 b5 12. Bb2 bxc4 13. dxc4 Ba6 14. Rd1 d6 
15. O-O Qe7 16. Ne4 Bb7 17. h4 O-O 18. Qc1 Rfd8 19. Qa1 Ng4 20. Bxg7 Nxg7 
21. Qc3 Nf5 22. Rfe1 Ba8 23. Re2 Rb6 24. Red2 Rdb8 25. Qd3 a5 26. Nc3 Bxg2 
27. Nxg2 Rb4 28. Qe2 Ne5 29. Ne1 Qb7 30. e4 Nd4 31. Rxd4 cxd4 32. Rxd4 Qe7 
33. Nc2 R4b6 34. Rd1 Kg7 35. Nd4 g5 36. Nd5 Qd8 37. Nxb6 Rxb6 38. c5 Rb4 
39. f4 gxf4 40. gxf4 Ng4 41. Nc6 Qc7 42. Rxd6 e5 43. Qd3 Kh7 44. Qd5 Rb7 
45. Nxe5 Ne3 46. Qd4 
1-0

[Event "34th Chess Olympiad (men)"]
[Site "Istanbul"]
[Date "2000.11.06"]
[Round "9.19.4"]
[White "Yoos, Jack"]
[Black "Vuckovic, Bojan"]
[WhiteElo "2000"]
[BlackElo "2444"]
[WhiteCountry "CAN"]
[BlackCountry "YUG"]
[Result "1-0"]

1. e4 c5 2. Nf3 d6 3. d4 cxd4 4. Nxd4 Nf6 5. Nc3 Nc6 6. Bg5 e6 7. Qd2 a6 
8. O-O-O Be7 9. f4 Nxd4 10. Qxd4 b5 11. Bxf6 gxf6 12. e5 d5 13. Kb1 Bb7 
14. f5 fxe5 15. Qxe5 Bf6 16. Qg3 Qe7 17. fxe6 fxe6 18. Be2 h5 19. a4 b4 
20. Ne4 Bh4 21. Bxh5+ Kd7 22. Qe5 Rag8 23. g3 Bg5 24. Bg4 Rh6 25. Rhf1 Kc6 
26. Rf7 Bf6 27. Rxf6 
1-0

[Event "34th Chess Olympiad (men)"]
[Site "Istanbul"]
[Date "2000.11.06"]
[Round "9.20.1"]
[White "Andersson, Ulf"]
[Black "Danner, Georg"]
[WhiteElo "2641"]
[BlackElo "2437"]
[WhiteCountry "SWE"]
[BlackCountry "AUT"]
[Result "1-0"]

1. Nf3 f5 2. d4 g6 3. g3 Bg7 4. Bg2 d6 5. O-O Nf6 6. d5 O-O 7. c4 c6 8. Nc3 Bd7
9. Rb1 Na6 10. b4 Qe8 11. a3 Nc7 12. Bb2 cxd5 13. cxd5 Rc8 14. Rc1 h6 15. Nd4
Qf7 16. Qd2 Kh7 17. Ne6 Nxe6 18. dxe6 Qxe6 19. Bxb7 Rc7 20. Bf3 Rfc8 21. Nd5
Rxc1 22. Nxf6+ Bxf6 23. Rxc1 Rxc1+ 24. Qxc1 Bxb2 25. Qxb2 Qc4 26. Qd2 Bb5 27.
h4 Qc7 28. h5 gxh5 29. Qd5 Qd7 30. Qf7+ Kh8 31. Bxh5 e5 32. Qf8+ Kh7 33. Bf7
1-0

[Event "34th Chess Olympiad (men)"]
[Site "Istanbul"]
[Date "2000.11.06"]
[Round "9.20.2"]
[White "Sommerbauer, Norbert"]
[Black "Agrest, Evgenij"]
[WhiteElo "2391"]
[BlackElo "2554"]
[WhiteCountry "AUT"]
[BlackCountry "SWE"]
[Result "1/2-1/2"]

1. e4 c5 2. Nf3 e6 3. c4 b6 4. d4 cxd4 5. Nxd4 Bb7 6. Nc3 a6 7. Be2 Qc7 8. f4
Bb4 9. Qd3 Nf6 10. e5 Ne4 11. O-O Nxc3 12. bxc3 Bc5 13. Kh1 Nc6 14. Nb3 d6 15.
Nxc5 dxc5 16. Rb1 Rd8 17. Qg3 Ne7 18. f5 Nxf5 19. Rxf5 exf5 20. Qxg7 Kd7 21.
Bg5 Rdg8 22. Qxf7+ Kc8 23. Qxf5+ Kb8 24. Bf3 Bxf3 25. gxf3 Rg6 26. Rd1 Rhg8 27.
Bf6 Qf7 28. Qe4 Qe6 29. Qd5 Qh3 30. Qd6+ Kb7 31. Qe7+ Kc8 32. Rd8+ Rxd8 33.
Qxd8+ Kb7 34. Qe7+ Kc8 1/2-1/2

[Event "34th Chess Olympiad (men)"]
[Site "Istanbul"]
[Date "2000.11.06"]
[Round "9.20.3"]
[White "Hector, Jonny"]
[Black "Hoelzl, Franz"]
[WhiteElo "2509"]
[BlackElo "2394"]
[WhiteCountry "SWE"]
[BlackCountry "AUT"]
[Result "1-0"]

1. e4 c5 2. Nf3 d6 3. d4 cxd4 4. Nxd4 Nf6 5. Nc3 a6 6. Bg5 Nbd7 7. f4 b5 8. Qe2
h6 9. Bxf6 Nxf6 10. O-O-O Bg4 11. Nf3 b4 12. Nb1 e6 13. e5 Nd7 14. exd6 g6 15.
h3 Bxf3 16. Qxf3 Bg7 17. Nd2 O-O 18. Nc4 a5 19. a4 Qf6 20. Ne5 Nxe5 21. fxe5
Qxe5 22. Qb3 Rfd8 23. d7 Ra7 24. Bb5 Qg5+ 25. Kb1 Qxg2 26. Rhg1 Qh2 27. Rh1 Qe5
28. Rhe1 Qc5 29. Re4 Qe7 30. Rc4 Kh7 31. Qd3 Raa8 32. Rf1 f5 33. Re1 e5 34. Qd5
e4 35. Rd1 Ra7 36. Rc8 Qf8 37. Rxd8 Qxd8 38. Bc4 Kh8 39. Qc6 Bf6 40. Qxf6+ Qxf6
41. d8=Q+ Qxd8 42. Rxd8+ Kg7 43. Rd6 Re7 44. Kc1 g5 45. Kd2 h5 46. Be2 e3+ 47.
Ke1 g4 48. hxg4 hxg4 49. c4 bxc3 50. bxc3 Rb7 51. Bd3 Rf7 52. Ke2 Rf6 53. Rd5
g3 54. Kf3 f4 55. Rxa5 Rd6 56. Be2 Rh6 57. Rg5+ Kf6 58. Rg4 Rh2 59. Rxf4+ 1-0

[Event "34th Chess Olympiad (men)"]
[Site "Istanbul"]
[Date "2000.11.06"]
[Round "9.20.4"]
[White "Neubauer, Martin"]
[Black "Cramling, Pia (gm)"]
[WhiteElo "2369"]
[BlackElo "2484"]
[WhiteCountry "AUT"]
[BlackCountry "SWE"]
[Result "1/2-1/2"]

1. e4 c5 2. Nf3 e6 3. c3 Nf6 4. e5 Nd5 5. d4 cxd4 6. cxd4 d6 7. Bc4 Nb6 8. Bd3
Nc6 9. O-O Nb4 10. Bg5 Be7 11. Bxe7 Qxe7 12. Nc3 Nxd3 13. Qxd3 dxe5 14. dxe5
O-O 15. Ne4 Rd8 16. Nd6 Nd5 17. Rfe1 Bd7 18. Rac1 Be8 19. a3 a5 20. Rc2 h6 21.
Nd4 Rab8 22. Qg3 Qg5 23. Rec1 Bd7 24. Nf3 Qxg3 25. hxg3 Kf8 26. Rc5 b6 27. R5c2
Ke7 28. Nd4 f6 29. Nc4 f5 30. Nd6 g6 31. f3 Kf8 32. Kf2 Ke7 33. Rh1 Rh8 34. Nc4
Rbc8 35. Rhc1 Ba4 36. b3 Bd7 37. Ne3 Rxc2+ 38. Rxc2 Nxe3 39. Kxe3 Rc8 40. Rxc8
Bxc8 41. Nb5 Ba6 42. Nd6 g5 43. b4 axb4 44. axb4 Kd7 45. b5 Bc8 46. Kf2 Kd8 47.
Kg1 Bd7 48. Kh2 Ke7 49. Kh3 Kf8 50. g4 Ke7 51. Kg3 Kf8 52. f4 Ke7 53. Kf3 Kf8
54. g3 Ke7 55. Ke3 Kf8 56. Kf3 *

[Event "34th Chess Olympiad (men)"]
[Site "Istanbul"]
[Date "2000.11.06"]
[Round "9.21.2"]
[White "Nguyen, Anh"]
[Black "Handoko, Edhi"]
[WhiteElo "2487"]
[BlackElo "2435"]
[WhiteCountry "VIE"]
[BlackCountry "INA"]
[Result "1-0"]

1. d4 d5 2. c4 c6 3. cxd5 cxd5 4. Nc3 Nf6 5. Bf4 Nc6 6. e3 a6 7. Rc1 g6 
8. Nf3 Bg7 9. Ne5 O-O 10. Be2 Qb6 11. b3 Ne4 12. Nxe4 Bxe5 13. Bxe5 dxe4 
14. Bg3 Qa5+ 15. Qd2 Qxd2+ 16. Kxd2 Rd8 17. Rc5 Be6 18. Rhc1 Bd5 19. f3 Rd7 
20. fxe4 Bxe4 21. Bf3 Bxf3 22. gxf3 Rad8 23. Ke2 f6 24. R1c2 Rd5 25. Bf2 e5 
26. Rxd5 Rxd5 27. e4 Nxd4+ 28. Bxd4 Rxd4 29. Rc8+ Kf7 30. Rc7+ Ke6 31. Rxb7 h5 
32. Rb6+ Rd6 33. Rxd6+ Kxd6 34. b4 Kc6 35. a4 f5 36. h4 fxe4 37. fxe4 Kd7 
38. Kd2 Ke7 39. Kc3 Kd7 40. b5 axb5 41. axb5 g5 42. hxg5 h4 43. g6 h3 44. g7 h2 
45. g8=Q h1=Q 46. Qd5+ Kc8 47. Kb4 Qa1 48. Kc5 Qa7+ 49. Kd6 Qd7+ 50. Kxe5 Qg7+ 
51. Kd6 Qf8+ 52. Kc6 Qf6+ 53. Qd6 Qf7 54. Qe5 Qg6+ 55. Kd5 Qg1 56. Qe8+ Kb7 
57. Qc6+ Kb8 58. Qe8+ Kb7 59. Qd7+ Kb8 60. Qf5 Kb7 61. e5 Qd1+ 62. Ke6 Qb3+ 
63. Ke7 Qb4+ 64. Ke8 Kb8 65. e6 
1-0

[Event "34th Chess Olympiad (men)"]
[Site "Istanbul"]
[Date "2000.11.06"]
[Round "9.21.3"]
[White "Gunawan, Ruben"]
[Black "Tu Hoang, Thong"]
[WhiteElo "2503"]
[BlackElo "2514"]
[WhiteCountry "INA"]
[BlackCountry "VIE"]
[Result "1/2-1/2"]

1. d4 d5 2. Nf3 Nf6 3. c4 c6 4. Qc2 dxc4 5. Qxc4 Bf5 6. g3 e6 7. Bg2 Nbd7 
8. e3 Be7 9. O-O O-O 10. Nc3 b5 11. Qe2 b4 12. Nb1 c5 13. Nbd2 Rc8 14. a3 bxa3 
15. b3 Ne4 16. Nxe4 Bxe4 
1/2-1/2